[Event "Frankfurt Ch 2005"]
[Site "Ffm-Kalbach, LAZ"]
[Date "2005.06.13"]
[Round "7"]
[White "Busic, Nedjeljko"]
[Black "Norgiev, Jürgen"]
[Result "0-1"]
[WhiteElo "1857"]
[BlackElo "1686"]
[PlyCount "52"]
[EventDate "2005.??.??"]

1. e4 c5 2. Nf3 Nc6 3. d4 cxd4 4. Nxd4 Nf6 5. Nc3 a6 6. Be3 Qc7 7. Be2 e6 8. a3
Be7 9. O-O b5 10. Nxc6 dxc6 11. f4 O-O 12. g4 Rd8 13. Qe1 c5 14. g5 Ne8 15. Qf2
Bb7 16. Rae1 Rac8 17. f5 exf5 18. Qxf5 Bf8 19. e5 g6 20. Qf4 Ng7 21. Bf3 Ne6
22. Qh4 Bxf3 23. Rxf3 Qxe5 24. Ne4 Bg7 25. Nf6+ Bxf6 26. Rxf6 Rd7 {Rest unklar}
0-1

[Event "Frankfurt Ch 2005"]
[Site "Ffm-Kalbach, LAZ"]
[Date "2005.06.13"]
[Round "7"]
[White "Achelrod, Alexandre"]
[Black "Stein, Wolfgang"]
[Result "1-0"]
[WhiteElo "1847"]
[BlackElo "1676"]
[PlyCount "53"]
[EventDate "2005.??.??"]

1. d4 Nf6 2. c4 e5 3. dxe5 Ne4 4. Nf3 b6 5. e3 Bb7 6. Be2 d6 7. O-O Nd7 8. exd6
Bxd6 9. Qc2 Qe7 10. Nc3 Nxc3 11. Qxc3 Ne5 12. Ne1 Bb4 13. Qc2 Bxe1 14. Rxe1 Qg5
15. e4 Qg6 16. f3 O-O 17. b3 f5 18. Bb2 fxe4 19. Bxe5 exf3 20. Qxg6 f2+ 21. Kh1
fxe1=Q+ 22. Rxe1 hxg6 23. Kg1 Rae8 24. Bxc7 Rf7 25. Bd6 Rf6 26. c5 bxc5 27.
Bc4+ 1-0

[Event "Frankfurt Ch 2005"]
[Site "Ffm-Kalbach, LAZ"]
[Date "2005.06.13"]
[Round "7"]
[White "Gutacker, Stephan"]
[Black "Filmann, Andreas"]
[Result "1/2-1/2"]
[WhiteElo "1827"]
[BlackElo "1685"]
[PlyCount "129"]
[EventDate "2005.??.??"]

1. e4 e5 2. Nf3 d6 3. d4 Nf6 4. Nc3 Nbd7 5. Bd3 Be7 6. O-O O-O 7. h3 c6 8. Ne2
exd4 9. Nexd4 Nc5 10. Nf5 Bxf5 11. exf5 Nd5 12. c3 Qd7 13. Bc2 Bf6 14. Nd4 Rae8
15. g4 Ne4 16. Re1 Nexc3 17. bxc3 Nxc3 18. Qd2 Bxd4 19. Bb2 Ne2+ 20. Rxe2 Bxb2
21. Rae1 Ba3 22. Qd3 Bb4 23. f6 g6 24. Re7 Qc8 25. Qe3 Qe6 26. Qh6 Qxf6 27.
Rxe8 d5 28. Rxf8+ Bxf8 29. Re8 Qd6 30. Rxf8+ Qxf8 31. Qxf8+ Kxf8 32. Kg2 Ke7
33. Kf3 Kf6 34. Kf4 Ke6 35. h4 h6 36. Ke3 g5 37. hxg5 hxg5 38. f4 f6 39. fxg5
fxg5 40. Bf5+ Ke5 41. Bc8 b6 42. Bb7 c5 43. Bc8 b5 44. Ba6 b4 45. Be2 a5 46.
Bd1 c4 47. Ba4 d4+ 48. Kd2 Kf4 49. Bd7 Ke4 50. Bc6+ Ke5 51. Ba4 Kd5 52. Ke2 Ke4
53. Bc6+ Ke5 54. Kd2 Kf4 55. Bd7 b3 56. axb3 cxb3 57. Kd3 a4 58. Bxa4 b2 59.
Bc2 Kxg4 60. Kxd4 Kf3 61. Kc3 g4 62. Kxb2 g3 63. Ba4 Kf2 64. Bc6 g2 65. Bxg2
1/2-1/2

[Event "Frankfurt Ch 2005"]
[Site "Ffm-Kalbach, LAZ"]
[Date "2005.06.13"]
[Round "7"]
[White "Lemonidis, Christos"]
[Black "Didicher, Dietmar"]
[Result "1-0"]
[WhiteElo "1822"]
[BlackElo "1650"]
[PlyCount "118"]
[EventDate "2005.??.??"]

1. e4 d5 2. exd5 Nf6 3. Bc4 Nxd5 4. Qf3 e6 5. Nh3 Nc6 6. Bb5 Bd7 7. c3 a6 8.
Ba4 b5 9. Bc2 Ne5 10. Qe2 Bd6 11. O-O Bc6 12. f4 Ng6 13. d4 Qh4 14. Qf2 O-O-O
15. f5 Qxf2+ 16. Rxf2 exf5 17. Bxf5+ Bd7 18. Ng5 Rhf8 19. g3 Nf6 20. a4 h6 21.
Ne4 Nxe4 22. Bxe4 Rde8 23. Nd2 f5 24. Bd3 Re1+ 25. Bf1 f4 26. axb5 Bxb5 27. c4
Bb4 28. Nf3 fxg3 29. hxg3 Rxf3 30. Rxf3 Bxc4 31. b3 Bc3 32. Rxc3 Rxf1+ 33. Kg2
Bb5 34. Ra5 Rf5 35. Ra1 Ne7 36. Bf4 Nd5 37. Rc5 Nxf4+ 38. gxf4 Rxf4 39. Rac1
Rf7 40. d5 Kb7 41. Kg3 g5 42. R1c3 Kb6 43. Rc2 Rg7 44. R5c3 h5 45. Rh2 h4+ 46.
Kg4 Bd7+ 47. Kh5 h3 48. Kh6 Rg8 49. Kh7 Re8 50. Kg6 g4 51. Rhc2 Rc8 52. Kg5
Rg8+ 53. Kf4 Rf8+ 54. Kg3 Rc8 55. Rf2 Rh8 56. Rh2 Rf8 57. Rhc2 Rf1 58. Kh2 Bf5
59. Rc6+ Kb7 1-0

[Event "Frankfurt Ch 2005"]
[Site "Ffm-Kalbach, LAZ"]
[Date "2005.06.13"]
[Round "7"]
[White "Gottlieb, Herbert"]
[Black "Adair, Robin"]
[Result "1-0"]
[WhiteElo "1579"]
[BlackElo "1790"]
[PlyCount "162"]
[EventDate "2005.??.??"]

1. d4 Nf6 2. Nf3 g6 3. e3 Bg7 4. c4 O-O 5. Be2 c5 6. d5 d6 7. Nc3 e6 8. e4 exd5
9. exd5 a6 10. a4 Re8 11. O-O Ng4 12. h3 Ne5 13. Bf4 Nbd7 14. Qd2 Nxf3+ 15.
Bxf3 Ne5 16. Bxe5 Bxe5 17. Rfe1 Qh4 18. Re4 Qf6 19. Rae1 Bxh3 20. Rxe5 Rxe5 21.
Rxe5 dxe5 22. Ne4 Qf5 23. Qh6 Bxg2 24. Bxg2 f6 25. Qh3 Qxh3 26. Bxh3 f5 27.
Nxc5 b6 28. Ne6 Kf7 29. a5 Rb8 30. axb6 Rxb6 31. c5 Rxb2 32. c6 Ke7 33. Bf1 Rb1
34. Kg2 Rb6 35. Nc5 Kd6 36. Bxa6 Kxd5 37. c7 Rc6 38. Bb7 Kd6 39. Bxc6 Kxc7 40.
Ba4 Kd6 41. Nd3 e4 42. Ne1 Ke5 43. Kg3 g5 44. Bc2 h5 45. Ng2 f4+ 46. Kh3 e3 47.
fxe3 fxe3 48. Nxe3 Kf4 49. Nf1 g4+ 50. Kh4 Kf3 51. Ng3 Kf4 52. Nxh5+ Kf3 53.
Bd1+ Ke4 54. Kxg4 Kd4 55. Kf4 Kc3 56. Ke3 Kb2 57. Kd3 Kc1 58. Bc2 Kb2 59. Nf4
Ka1 60. Kc3 Ka2 61. Ne2 Ka1 62. Nd4 Ka2 63. Bd3 Ka1 64. Nb3+ Ka2 65. Be4 Ka3
66. Bb1 Ka4 67. Kc4 Ka3 68. Kc3 Ka4 69. Nd4 Ka3 70. Nb5+ Ka4 71. Kc4 Ka5 72.
Kc5 Ka4 73. Bc2+ Ka5 74. Nd6 Ka6 75. Bd1 Ka5 76. Nb7+ Ka6 77. Kc6 Ka7 78. Kc7
Ka6 79. Be2+ Ka7 80. Nd6 Ka8 81. Bb5 Ka7 1-0

[Event "Frankfurt Ch 2005"]
[Site "Ffm-Kalbach, LAZ"]
[Date "2005.06.13"]
[Round "7"]
[White "Fischer, Manfred"]
[Black "Bauer, Timo"]
[Result "1/2-1/2"]
[WhiteElo "1779"]
[BlackElo "1638"]
[PlyCount "116"]
[EventDate "2005.??.??"]

1. e4 c5 2. Nf3 d6 3. b4 cxb4 4. d4 Nf6 5. Bd3 g6 6. a3 bxa3 7. Nxa3 Bg7 8. O-O
Bg4 9. Bb2 O-O 10. h3 Bxf3 11. Qxf3 Nfd7 12. Nc4 Nc6 13. c3 b5 14. Nd2 b4 15.
Qe3 a5 16. Bb5 Qb6 17. Bxc6 Qxc6 18. cxb4 axb4 19. Rac1 Qb7 20. Rb1 Rfc8 21. e5
d5 22. e6 Nb6 23. exf7+ Kxf7 24. Rfe1 Nc4 25. Qe6+ Kf8 26. Nxc4 dxc4 27. d5 c3
28. Bc1 Ra6 29. Qe4 b3 30. Bg5 Rc7 31. Qf4+ Kg8 32. Rxb3 Qa7 33. Qe4 Qd4 34.
Rb8+ Kf7 35. Qf3+ Rf6 36. Qg3 Rd7 37. Bxf6 Bxf6 38. Rc8 Rxd5 39. Qb8 Rf5 40.
Rf1 Be5 41. Qb3+ Kg7 42. Rc4 Qd3 43. Qb4 Kf7 44. Qb3 Kg7 45. Rc6 Bf6 46. Rc8
Rg5 47. Qe6 Qf3 48. Qg8+ Kh6 49. Qf8+ Kh5 50. g4+ Rxg4+ 51. hxg4+ Qxg4+ 52. Kh1
Qh3+ 53. Kg1 Be5 54. f4 Bd4+ 55. Rf2 Qg3+ 56. Kh1 Bxf2 57. Rc5+ Bxc5 58. Qf5+
gxf5 1/2-1/2

[Event "Frankfurt Ch 2005"]
[Site "Ffm-Kalbach, LAZ"]
[Date "2005.06.13"]
[Round "7"]
[White "Arvin, Manutcher"]
[Black "Petersen, Gerd"]
[Result "1/2-1/2"]
[WhiteElo "1753"]
[BlackElo "1537"]
[PlyCount "41"]
[EventDate "2005.??.??"]

1. e4 e5 2. Nf3 Nc6 3. d4 exd4 4. Nxd4 Nxd4 5. Qxd4 d6 6. Be2 Nf6 7. Be3 g6 8.
Nc3 Bg7 9. O-O O-O 10. Qd2 Qe7 11. f3 Be6 12. Rab1 Rfd8 13. Rfd1 a6 14. Bg5 Qf8
15. Nd5 Bxd5 16. exd5 Re8 17. Bc4 Re5 18. Bf4 Re7 19. Re1 Rae8 20. Rxe7 Qxe7
21. Kf2 1/2-1/2

[Event "Frankfurt Ch 2005"]
[Site "Ffm-Kalbach, LAZ"]
[Date "2005.06.13"]
[Round "7"]
[White "Krüger, Till"]
[Black "Makilla, Tobias"]
[Result "1-0"]
[WhiteElo "1877"]
[BlackElo "1466"]
[PlyCount "83"]
[EventDate "2005.??.??"]

1. e4 e5 2. Bc4 Nf6 3. d4 exd4 4. Nf3 Bb4+ 5. c3 dxc3 6. bxc3 Ba5 7. e5 Qe7 8.
O-O Ne4 9. Qd4 Nc5 10. Bg5 Ne6 11. Bxe6 Qxe6 12. Nbd2 O-O 13. Rfe1 h6 14. Bf4
Nc6 15. Qd3 Qg6 16. Ne4 Re8 17. Rad1 Kh8 18. Re2 Qf5 19. Bg3 Ne7 20. Nd4 Qg6
21. Nb3 Bb6 22. Kh1 Nf5 23. f4 Nxg3+ 24. Nxg3 Qxd3 25. Rxd3 a5 26. a4 Re6 27.
f5 Rc6 28. Re4 Bf2 29. h3 b6 30. Rg4 Be1 31. Ne4 h5 32. Rg5 Rh6 33. Ng3 Bxg3
34. Rdxg3 Rh7 35. f6 g6 36. Rd3 Kg8 37. Nd4 Rh8 38. Nf5 Kh7 39. Ne7 Rd8 40. e6
Ba6 41. Rdd5 dxe6 42. Rxh5+ 1-0

[Event "Frankfurt Ch 2005"]
[Site "Ffm-Kalbach, LAZ"]
[Date "2005.06.13"]
[Round "7"]
[White "Ickert, Bernd"]
[Black "Gehlhar, Michael"]
[Result "1/2-1/2"]
[WhiteElo "1755"]
[BlackElo "1647"]
[PlyCount "46"]
[EventDate "2005.??.??"]

1. e4 d6 2. d4 g6 3. Be2 Nf6 4. Nc3 Bg7 5. h4 h6 6. Be3 c6 7. Qd2 b5 8. a3 Qa5
9. b4 Qc7 10. Rc1 Ng4 11. Nd1 Nxe3 12. Nxe3 Qb6 13. Nf3 Nd7 14. c4 a6 15. c5
dxc5 16. dxc5 Qc7 17. Bd3 Ne5 18. Nxe5 Qxe5 19. O-O Be6 20. f4 Qd4 21. Kh1 Rd8
22. Rfd1 Bb3 23. Nc2 Qf6 1/2-1/2

[Event "Frankfurt Ch 2005"]
[Site "Ffm-Kalbach, LAZ"]
[Date "2005.06.13"]
[Round "7"]
[White "Jordake, Michael"]
[Black "Larem, Peter"]
[Result "0-1"]
[WhiteElo "1593"]
[BlackElo "1724"]
[PlyCount "61"]
[EventDate "2005.??.??"]

1. e4 e5 2. Nf3 Nf6 3. Nxe5 d6 4. Nf3 Nxe4 5. d4 d5 6. Be2 Nc6 7. O-O Be7 8.
Re1 O-O 9. Nbd2 Re8 10. c3 a6 11. Bd3 f5 12. Nf1 Bd6 13. Qb3 Kf8 14. Bg5 Nxg5
15. Rxe8+ Kxe8 16. Nxg5 Qxg5 17. Qxd5 Ne7 18. Re1 Kf8 19. Qf3 Bd7 20. Ne3 Re8
21. Bc4 f4 22. h3 Bc6 23. d5 Nxd5 24. Nc2 Rxe1+ 25. Nxe1 Ne3 26. Qe2 Nxc4 27.
Qxc4 Bxg2 28. Nxg2 f3 29. Qf1 Qe5 30. Qd3 Qh2+ 31. Kf1 0-1

[Event "Frankfurt Ch 2005"]
[Site "Ffm-Kalbach, LAZ"]
[Date "2005.06.13"]
[Round "7"]
[White "Brücken, Siegfried"]
[Black "Kasper, Werner"]
[Result "0-1"]
[WhiteElo "1576"]
[BlackElo "1716"]
[PlyCount "70"]
[EventDate "2005.??.??"]

1. e4 e5 2. Nf3 Nc6 3. Nc3 Nf6 4. Bc4 Bc5 5. a3 d6 6. h3 Be6 7. Bxe6 fxe6 8. d3
O-O 9. Na4 Bb6 10. Nxb6 axb6 11. Be3 Qe8 12. Qd2 Nh5 13. O-O-O Nf6 14. Nh2 b5
15. c3 Na5 16. Kb1 c5 17. f3 Nc6 18. d4 exd4 19. cxd4 c4 20. Ng4 d5 21. Bg5 Nd7
22. Rhe1 Qg6 23. Kc1 b4 24. exd5 exd5 25. Ne5 Ndxe5 26. dxe5 bxa3 27. Qxd5+ Kh8
28. Qxc4 a2 29. Kd2 Qxg5+ 30. Kc3 Qe7 31. Ra1 Rfc8 32. Kd2 Nb4 33. Qb3 Nc2 34.
Rxa2 Rxa2 35. Qxa2 Qb4+ 0-1

[Event "Frankfurt Ch 2005"]
[Site "Ffm-Kalbach, LAZ"]
[Date "2005.06.13"]
[Round "7"]
[White "Schukowski, Werner"]
[Black "Stricker, Konstantin"]
[Result "0-1"]
[WhiteElo "1299"]
[BlackElo "1693"]
[PlyCount "118"]
[EventDate "2005.??.??"]

1. d4 Nf6 2. Nf3 e6 3. Bg5 Be7 4. Bxf6 Bxf6 5. e4 d6 6. g3 b6 7. c4 Bb7 8. Qd3
Nd7 9. Nc3 h6 10. Bg2 a6 11. b4 O-O 12. O-O c5 13. bxc5 bxc5 14. d5 exd5 15.
exd5 Re8 16. Rab1 Rb8 17. Ne4 Be7 18. Rfe1 Bf8 19. Bh3 Nb6 20. Nh4 Kh8 21. f4
Bc8 22. f5 Nd7 23. Rxb8 Nxb8 24. Rf1 Nd7 25. Nf3 Ne5 26. Nxe5 Rxe5 27. Kg2 Qe8
28. Re1 Qa4 29. Nc3 Qe8 30. Rxe5 Qxe5 31. Kf3 Be7 32. Qe3 Bf6 33. Qxe5 Bxe5 34.
Ne2 a5 35. Ke4 g6 36. Nf4 g5 37. Ne2 Kg7 38. Bg4 Kf6 39. h4 h5 40. Bh3 g4 41.
Bf1 Bxf5+ 42. Ke3 Bb1 43. a3 Bb2 44. Nf4 Bc1+ 45. Kf2 Bxf4 46. gxf4 Kf5 47. Ke3
Bc2 48. Bg2 Bd1 49. Be4+ Kf6 50. Kf2 Ke7 51. Kg3 Be2 52. f5 Bxc4 53. Kf4 Kf6
54. Kg3 Ke5 55. Bc2 Bxd5 56. Bb1 Be4 57. Ba2 d5 58. f6 c4 59. a4 c3 0-1

[Event "Frankfurt Ch 2005"]
[Site "Ffm-Kalbach, LAZ"]
[Date "2005.06.13"]
[Round "7"]
[White "Reuter, Klaus"]
[Black "Höhler, Bernd"]
[Result "1-0"]
[WhiteElo "1443"]
[BlackElo "1654"]
[PlyCount "61"]
[EventDate "2005.??.??"]

1. d4 Nf6 2. c4 e6 3. g3 d5 4. Bg2 dxc4 5. Nf3 Nbd7 6. Nbd2 Nb6 7. O-O Be7 8.
Qc2 O-O 9. a4 c6 10. e4 h6 11. a5 Nbd7 12. Nxc4 Rb8 13. Bf4 Ra8 14. Rfd1 Re8
15. Nfe5 g5 16. Be3 Qc7 17. f4 Nxe5 18. fxe5 Nh7 19. Rf1 Bd7 20. Qf2 Rf8 21.
Rac1 f5 22. exf5 Rxf5 23. Qc2 Raf8 24. Rxf5 exf5 25. d5 cxd5 26. Bxd5+ Kg7 27.
e6 Bc8 28. Bxa7 Bc5+ 29. Kg2 Bxa7 30. Qc3+ Kg6 31. Ne5+ 1-0

[Event "Frankfurt Ch 2005"]
[Site "Ffm-Kalbach, LAZ"]
[Date "2005.06.13"]
[Round "7"]
[White "Müller, Pascal"]
[Black "Calvi, Stefan"]
[Result "0-1"]
[WhiteElo "1617"]
[BlackElo "1979"]
[PlyCount "110"]
[EventDate "2005.??.??"]

1. a4 Nf6 2. Nf3 g6 3. g3 Bg7 4. Bg2 d6 5. d3 e5 6. O-O O-O 7. h3 Nc6 8. c3 a5
9. Na3 h6 10. Rb1 Nh5 11. e4 Be6 12. Nh4 Qd7 13. Kh2 Rad8 14. f4 exf4 15. gxf4
Qe7 16. Nf3 f5 17. Ne1 fxe4 18. dxe4 Bc8 19. Nd3 Rf7 20. Be3 Rdf8 21. Nc2 Be6
22. Nd4 Bc4 23. Ne2 Nd8 24. b3 Ba6 25. c4 b6 26. Qd2 Bb7 27. e5 Bxg2 28. Kxg2
Nc6 29. Nd4 Nxd4 30. Bxd4 Qh4 31. Qf2 Nxf4+ 32. Nxf4 Qxf4 33. Qxf4 Rxf4 34.
Rxf4 Rxf4 35. Be3 Re4 36. exd6 Rxe3 37. dxc7 Re8 38. Rd1 Bf6 39. Rd7 Kf8 40.
Kf3 Rc8 41. Ke4 Ke8 42. Rh7 Be7 43. Rh8+ Kd7 44. Rxh6 Kxc7 45. Rxg6 Rh8 46. Rg3
Kc6 47. Kd4 Rh4+ 48. Kd3 Kc5 49. Rf3 Kb4 50. Kc2 Bc5 51. Kb2 Re4 52. Kc2 Re3
53. Rxe3 Bxe3 54. h4 Bh6 55. h5 Bg7 0-1

[Event "Frankfurt Ch 2005"]
[Site "Ffm-Kalbach, LAZ"]
[Date "2005.06.13"]
[Round "7"]
[White "Junker, Christian"]
[Black "Kolko, Robert"]
[Result "0-1"]
[WhiteElo "1555"]
[BlackElo "1767"]
[PlyCount "206"]
[EventDate "2005.??.??"]

1. e4 d5 2. exd5 Nf6 3. d4 Nxd5 4. c4 Nb6 5. Nf3 Bg4 6. Be2 e6 7. O-O Nc6 8.
Be3 Be7 9. Nbd2 Bf6 10. Ne4 Be7 11. Rc1 O-O 12. h3 Bf5 13. Ng3 Bg6 14. a3 Bf6
15. Qd2 a6 16. Rfd1 Qe7 17. Bd3 Bxd3 18. Qxd3 Rad8 19. Qc2 Rd7 20. Ne4 h6 21.
Nc5 Rdd8 22. Nxb7 Rb8 23. Nc5 a5 24. Qe4 Nd8 25. Qg4 Kh8 26. Qg3 Rg8 27. Bf4
Rc8 28. Na6 c6 29. Bd6 Qa7 30. Nc5 Nb7 31. Be5 Nxc5 32. dxc5 Nd7 33. b4 Nxe5
34. Nxe5 Qc7 35. Rd6 Qb7 36. Rcd1 Bxe5 37. Qxe5 axb4 38. Rd7 Qb8 39. R1d6 bxa3
40. Qa1 Qb2 41. Qxb2 axb2 42. Rd1 Rb8 43. Rb1 Rb4 44. Rd2 Rgb8 45. Rc2 g5 46.
Kf1 Kg7 47. Ke2 Kf6 48. Kf3 Ke5 49. Ke3 Rb3+ 50. Kd2 Kd4 51. f3 Kxc5 52. Rc3
Kd4 53. Rc2 c5 54. Ke2 R8b4 55. Rd1+ Ke5 56. Rb1 Kf4 57. Kd2 Ke5 58. Ke2 f5 59.
Kf2 Kf6 60. Rd2 h5 61. Ke2 Ke5 62. Kf2 Ra4 63. Re2+ Kf6 64. Rexb2 Rxb2+ 65.
Rxb2 Rxc4 66. Ke3 Ke5 67. Rb8 Rc2 68. g4 fxg4 69. fxg4 hxg4 70. hxg4 Rc3+ 71.
Kd2 Rg3 72. Rc8 Rxg4 73. Rxc5+ Kf6 74. Ke3 e5 75. Kf3 Rb4 76. Rc8 Ke6 77. Rg8
Kf6 78. Rf8+ Ke6 79. Rg8 Kf6 80. Rf8+ Ke7 81. Rf5 g4+ 82. Kg3 Ke6 83. Rg5 Kd5
84. Rf5 Re4 85. Rf8 Kd4 86. Rd8+ Ke3 87. Re8 Ke2 88. Re7 Ke1 89. Rg7 Rf4 90.
Rxg4 Rf5 91. Re4+ Kd2 92. Ra4 Rf8 93. Re4 Re8 94. Kg4 Kd3 95. Kf5 Rf8+ 96. Kxe5
Re8+ 97. Kd5 Rxe4 98. Kc5 Rd4 99. Kc6 Kc4 100. Kc7 Rd5 101. Kc6 Kd4 102. Kc7
Kc5 103. Kb7 Rd6 0-1

[Event "Frankfurt Ch 2005"]
[Site "Ffm-Kalbach, LAZ"]
[Date "2005.06.13"]
[Round "7"]
[White "Wenzel, Bernd"]
[Black "Faqiry, Ramat"]
[Result "1-0"]
[WhiteElo "1554"]
[BlackElo "1717"]
[PlyCount "81"]
[EventDate "2005.??.??"]

1. f4 d5 2. Nf3 Nc6 3. b3 Nf6 4. Bb2 Bg4 5. e3 e6 6. Be2 Bd6 7. Ne5 Bxe2 8.
Qxe2 Bxe5 9. fxe5 Ne4 10. O-O O-O 11. d3 Nc5 12. Nd2 Qg5 13. Nf3 Qh5 14. Rae1
Nd7 15. Ba3 Rfe8 16. d4 Ne7 17. Bxe7 Rxe7 18. e4 c6 19. exd5 cxd5 20. c4 Nb6
21. c5 Nd7 22. Qd3 Rc8 23. b4 g5 24. Re3 Nf8 25. Nxg5 Ng6 26. Rg3 h6 27. Nh3
Kh8 28. Nf4 Nxf4 29. Rxf4 Rg8 30. Rxg8+ Kxg8 31. Qg3+ Kf8 32. h3 a6 33. Rg4 Ke8
34. Qf3 Kd7 35. a4 Kc6 36. Qd3 Kc7 37. b5 a5 38. Qc3 Kb8 39. Qxa5 Re8 40. c6
bxc6 41. Qb6+ 1-0

[Event "Frankfurt Ch 2005"]
[Site "Ffm-Kalbach, LAZ"]
[Date "2005.06.13"]
[Round "7"]
[White "Trierweiler, Joachim"]
[Black "Krpan, Alojz"]
[Result "1-0"]
[WhiteElo "1707"]
[BlackElo "1417"]
[PlyCount "87"]
[EventDate "2005.??.??"]

1. e4 e5 2. Nf3 Nc6 3. Bb5 Nge7 4. c3 a6 5. Ba4 b5 6. Bb3 Ng6 7. d4 d6 8. Bd5
Bd7 9. O-O Rb8 10. Ng5 Qc8 11. Nxf7 Nce7 12. Nxh8 Nxh8 13. Bb3 Bg4 14. f3 Be6
15. Be3 Neg6 16. Nd2 exd4 17. cxd4 c5 18. d5 Bd7 19. f4 Bg4 20. Nf3 Nh4 21. Qe2
Nxf3+ 22. gxf3 Bh3 23. Rf2 Be7 24. Kh1 Bh4 25. Rg1 Rb7 26. f5 g6 27. Bf4 c4 28.
Bd1 Qc5 29. Bg3 Bg5 30. f4 Bf6 31. fxg6 hxg6 32. e5 Qxd5+ 33. Qf3 Qxf3+ 34.
Bxf3 Rc7 35. exf6 Nf7 36. Re2+ Kf8 37. Be1 Bf5 38. Ba5 Rc8 39. Re7 Nd8 40. Bd5
Rc5 41. Bxd8 Rxd5 42. Rge1 Kg8 43. Re8+ Kh7 44. R1e7+ 1-0

[Event "Frankfurt Ch 2005"]
[Site "Ffm-Kalbach, LAZ"]
[Date "2005.06.13"]
[Round "7"]
[White "Scheerer, Michael"]
[Black "Enders, Georg"]
[Result "0-1"]
[WhiteElo "1383"]
[BlackElo "1707"]
[PlyCount "82"]
[EventDate "2005.??.??"]

1. e4 e5 2. Nf3 Nc6 3. Bc4 Nf6 4. d4 exd4 5. O-O Be7 6. Re1 d6 7. Nxd4 Nxd4 8.
Qxd4 O-O 9. Nc3 a6 10. Bg5 b5 11. Be2 Bb7 12. Rad1 h6 13. Bh4 Re8 14. Bf3 Nd7
15. Bxe7 Rxe7 16. Nd5 Re8 17. Re3 Rc8 18. Bg4 Bxd5 19. Bxd7 Qxd7 20. Qxd5 Qe7
21. f4 Qf6 22. c3 Qxf4 23. Rde1 Qe5 24. Kh1 Qxd5 25. exd5 Kf8 26. g4 f6 27. Kg2
Re5 28. Rxe5 dxe5 29. Kf3 Ke7 30. Ke4 c6 31. dxc6 Rxc6 32. h3 Ke6 33. Rd1 Rd6
34. Rxd6+ Kxd6 35. b3 Kc5 36. a3 a5 37. h4 g6 38. h5 gxh5 39. gxh5 a4 40. bxa4
bxa4 41. Kd3 f5 0-1

[Event "Frankfurt Ch 2005"]
[Site "Ffm-Kalbach, LAZ"]
[Date "2005.06.13"]
[Round "7"]
[White "Mook, Karl-Jürgen"]
[Black "Liebske, Erwin"]
[Result "0-1"]
[WhiteElo "1302"]
[BlackElo "1702"]
[PlyCount "62"]
[EventDate "2005.??.??"]

1. Nf3 d5 2. c4 e6 3. b3 Nf6 4. Bb2 c5 5. g3 Nc6 6. Bg2 d4 7. O-O Bd6 8. d3 O-O
9. Ng5 Bd7 10. Na3 h6 11. Ne4 Nxe4 12. dxe4 a6 13. f4 e5 14. f5 Qg5 15. Bc1 Qe7
16. Nc2 Bc7 17. Qd3 Ba5 18. Bd2 Bd8 19. Qf3 Nb8 20. Qg4 Qd6 21. Qf3 Bc6 22. Ne1
Nd7 23. Qd3 Nf6 24. e3 Re8 25. g4 Nxg4 26. Nf3 Bc7 27. h3 Nf6 28. exd4 Bxe4 29.
Qe2 exd4 30. Qf2 Bxf5 31. Nh4 Qh2# 0-1

[Event "Frankfurt Ch 2005"]
[Site "Ffm-Kalbach, LAZ"]
[Date "2005.06.13"]
[Round "7"]
[White "Plötz, Hans-Jürgen"]
[Black "Djakow, Alexander"]
[Result "1/2-1/2"]
[WhiteElo "1266"]
[BlackElo "1699"]
[PlyCount "51"]
[EventDate "2005.??.??"]

1. d4 d5 2. Nf3 Nf6 3. Bf4 e6 4. e3 Be7 5. Bd3 Nbd7 6. c4 c5 7. Nc3 a6 8. O-O
dxc4 9. Bxc4 b5 10. Be2 c4 11. Ne5 Nxe5 12. Bxe5 Bb7 13. b3 b4 14. Na4 c3 15.
Qc2 Rc8 16. Rfd1 O-O 17. Bd3 h6 18. Bxf6 gxf6 19. Qe2 Qd5 20. f3 a5 21. Nb6 Qg5
22. Nxc8 Rxc8 23. f4 Qg7 24. g3 f5 25. Rac1 Qg6 26. Ba6 1/2-1/2

[Event "Frankfurt Ch 2005"]
[Site "Ffm-Kalbach, LAZ"]
[Date "2005.06.13"]
[Round "7"]
[White "Ortiz-Rodriguez, Jose"]
[Black "Bender, Manfred"]
[Result "0-1"]
[WhiteElo "1260"]
[BlackElo "1676"]
[PlyCount "39"]
[EventDate "2005.??.??"]

1. e4 c5 2. Nf3 Nc6 3. d4 cxd4 4. Nxd4 e6 5. Nc3 Nf6 6. Be3 Bb4 7. Qd2 Nxe4 8.
Qd3 d5 9. f3 Qh4+ 10. g3 Nxg3 11. Bf2 Nxd4 12. Bxg3 Qf6 13. O-O-O Nc6 14. Be1
a6 15. Qe2 O-O 16. h4 Nd4 17. Qd3 Nxf3 18. Nxd5 Qh6+ 19. Kb1 Nxe1 20. Nxb4 0-1

[Event "Frankfurt Ch 2005"]
[Site "Ffm-Kalbach, LAZ"]
[Date "2005.06.13"]
[Round "7"]
[White "Pelda, Jaromir"]
[Black "Gößwein, Dorothee"]
[Result "0-1"]
[WhiteElo "1645"]
[BlackElo "1288"]
[PlyCount "38"]
[EventDate "2005.??.??"]

1. e4 c5 2. Nf3 Nc6 3. c3 Nf6 4. d3 e5 5. g3 d5 6. Nbd2 Be7 7. Bg2 O-O 8. Qc2
Qc7 9. O-O Rd8 10. h3 b5 11. Re1 d4 12. Nh2 Be6 13. Rf1 Bd6 14. Nb1 c4 15. Rd1
cxd3 16. Qxd3 Qb6 17. cxd4 Nxd4 18. Be3 Bc5 19. Bxd4 Bxd4 0-1

[Event "Frankfurt Ch 2005"]
[Site "Ffm-Kalbach, LAZ"]
[Date "2005.06.13"]
[Round "7"]
[White "Richter, Edgar"]
[Black "Popp, Matthias"]
[Result "0-1"]
[WhiteElo "1262"]
[BlackElo "1578"]
[PlyCount "108"]
[EventDate "2005.??.??"]

1. e4 c5 2. Nf3 Nc6 3. Nc3 d6 4. d4 cxd4 5. Nxd4 e5 6. Nxc6 bxc6 7. b3 Nf6 8.
Bc4 Be7 9. O-O O-O 10. Bb2 Bg4 11. f3 Be6 12. Bxe6 fxe6 13. Qe2 Nh5 14. Rad1
Nf4 15. Qc4 Qb6+ 16. Kh1 d5 17. exd5 exd5 18. Qa4 Rf7 19. Ba3 Raf8 20. Bxe7
Rxe7 21. Qa3 Qc7 22. Rde1 Re6 23. Qc1 Qf7 24. Ne2 Ng6 25. c4 Nh4 26. cxd5 cxd5
27. Qg5 Nf5 28. Ng3 Nxg3+ 29. Qxg3 e4 30. h3 e3 31. Qg5 d4 32. Qd5 Qf6 33. f4
Rd8 34. Qc4 Qf5 35. g4 Qd5+ 36. Qxd5 Rxd5 37. Rf3 e2 38. Rd3 Re4 39. Kg2 Rd7
40. Kf3 Rde7 41. Rd2 Re3+ 42. Kf2 d3 43. h4 Kf7 44. h5 Kf6 45. a4 R7e4 46. a5
Ke6 47. Rb2 Kd5 48. b4 Kd4 49. b5 Rxf4+ 50. Kg2 Rxg4+ 51. Kh2 Kc3 52. Ra2 d2
53. Ra3+ Kb2 54. Rxe3 dxe1=Q 0-1

[Event "Frankfurt Ch 2005"]
[Site "Ffm-Kalbach, LAZ"]
[Date "2005.06.13"]
[Round "7"]
[White "Kirschner, Matthias"]
[Black "Krüger, Manfred"]
[Result "1-0"]
[WhiteElo "1524"]
[BlackElo "1493"]
[PlyCount "159"]
[EventDate "2005.??.??"]

1. c4 Nf6 2. Nc3 e6 3. d3 c6 4. g3 d5 5. cxd5 cxd5 6. Bg2 Be7 7. Nf3 O-O 8. O-O
d4 9. Ne4 Nxe4 10. dxe4 Nc6 11. a3 e5 12. b4 a6 13. Bb2 Bf6 14. Qc2 Qe7 15. Nd2
Rd8 16. Nb3 Be6 17. Nc5 Rac8 18. Qd3 b5 19. Nxe6 Qxe6 20. Rac1 Bg5 21. Rc2 Be7
22. Rfc1 Bg5 23. Rf1 Rc7 24. Bc1 Be7 25. Bd2 Rdc8 26. Rfc1 h6 27. f4 f6 28. f5
Qd7 29. Bf3 Bd6 30. Bh5 Ne7 31. Rxc7 Bxc7 32. Qb3+ Kh8 33. Qf7 Qd8 34. Bg6 Ng8
35. Rc6 d3 36. e3 a5 37. Re6 Bb6 38. Re8 Qxe8 39. Qxe8 Rxe8 40. Bxe8 axb4 41.
axb4 Ne7 42. Bxb5 g6 43. g4 gxf5 44. gxf5 Kg7 45. Bxd3 h5 46. Bb5 Kh6 47. h4
Nc8 48. Kf2 Na7 49. Bd7 Kg7 50. Bc1 Kf8 51. Ba3 Ke7 52. Ba4 Kd8 53. Ke2 Kc7 54.
Be8 Kb7 55. Bxh5 Nb5 56. Bb2 Nd6 57. Kd3 Kc6 58. Bd1 Kb5 59. Bc3 Nc4 60. Bd2
Nb2+ 61. Ke2 Nc4 62. h5 Nd6 63. Kd3 Nf7 64. Bb3 Nh6 65. Bc4+ Kc6 66. b5+ Kd7
67. Bb4 Ng4 68. Bd2 Ke8 69. Be6 Kf8 70. Kc4 Nxe3+ 71. Bxe3 Bxe3 72. Kd5 Kg7 73.
Kc6 Kh6 74. Bf7 Kg5 75. b6 Bxb6 76. Kxb6 Kh6 77. Bg6 Kg5 78. Kc6 Kh6 79. Kd6
Kg7 80. Ke6 1-0

[Event "Frankfurt Ch 2005"]
[Site "Ffm-Kalbach, LAZ"]
[Date "2005.06.13"]
[Round "7"]
[White "Schönmann, Bernd"]
[Black "Witt, Holger"]
[Result "1-0"]
[WhiteElo "1230"]
[BlackElo "1476"]
[PlyCount "55"]
[EventDate "2005.??.??"]

1. e4 c5 2. Bc4 e6 3. Nf3 Qc7 4. Nc3 a6 5. a3 Nf6 6. d3 Be7 7. e5 Ng4 8. Bf4
Nc6 9. h3 Nh6 10. O-O d6 11. Re1 b5 12. Ba2 Bb7 13. Qd2 Nf5 14. Ne4 Ncd4 15.
Nxd4 cxd4 16. g4 Nh4 17. Qd1 Qc6 18. exd6 Bf6 19. Bg3 Kd7 20. Bb3 Raf8 21. a4
Ra8 22. Bxh4 Bxh4 23. Qf3 Rhf8 24. a5 Ke8 25. Qf4 Kd8 26. g5 Bxg5 27. Qxg5+ Kd7
28. Qe7+ 1-0